Jesus and his times / (Record no. 3029)

MARC details
000 -LEADER
fixed length control field 01075pam a2200325 a 4500
001 - CONTROL NUMBER
control field 2879497
003 - CONTROL NUMBER IDENTIFIER
control field GBCCL
005 - DATE AND TIME OF LATEST TRANSACTION
control field 20241126110445.0
008 - FIXED-LENGTH DATA ELEMENTS--GENERAL INFORMATION
fixed length control field 860915s1987 nyuabc b 001 0 eng
010 ## -
-- 86024857
020 ## - INTERNATIONAL STANDARD BOOK NUMBER
International Standard Book Number 0895772574 :
Terms of availability $21.99
040 ## - CATALOGING SOURCE
Original cataloging agency DLC
Transcribing agency DLC
Modifying agency DLC
043 ## -
-- a-is---
050 00 -
-- BT301.2
-- .J46 1987
082 00 - DEWEY DECIMAL CLASSIFICATION NUMBER
Classification number 232.9
Edition information 19
Item number REA
245 00 - TITLE STATEMENT
Title Jesus and his times /
Statement of responsibility, etc. Reader's digest.
260 ## - PUBLICATION, DISTRIBUTION, ETC.
Place of publication, distribution, etc. Pleasantville, N.Y. :
Name of publisher, distributor, etc. Reader's Digest Association,
Date of publication, distribution, etc. c1987.
300 ## - PHYSICAL DESCRIPTION
Extent 336 p. :
Other physical details col. ill., col. maps, col. ports. ;
Dimensions 22 x 26 cm.
490 0# - SERIES STATEMENT
Series statement Reader's digest general books
500 ## - GENERAL NOTE
General note Includes index.
504 ## - BIBLIOGRAPHY, ETC. NOTE
Bibliography, etc. note Bibliography: p. 319-322.
600 00 - SUBJECT ADDED ENTRY--PERSONAL NAME
Personal name Jesus Christ
Form subdivision Biography.
9 (RLIN) 2912
630 00 - SUBJECT ADDED ENTRY--UNIFORM TITLE
Uniform title Bible.
Name of part/section of a work Gospels
General subdivision History of contemporary events.
9 (RLIN) 6292
650 #0 - SUBJECT ADDED ENTRY--TOPICAL TERM
Topical term or geographic name entry element Names in the Bible.
9 (RLIN) 6293
651 #0 - SUBJECT ADDED ENTRY--GEOGRAPHIC NAME
Geographic name Palestine
General subdivision Social life and customs.
9 (RLIN) 1930
710 2# - ADDED ENTRY--CORPORATE NAME
Corporate name or jurisdiction name as entry element Reader's Digest Association.
9 (RLIN) 6294
730 0# -
-- Reader's digest.
-- 5151
906 ## - LOCAL DATA ELEMENT F, LDF (RLIN)
a 7
b cbc
c orignew
d 1
e ocip
f 19
g y-gencatlg
942 ## - ADDED ENTRY ELEMENTS (KOHA)
Source of classification or shelving scheme Dewey Decimal Classification
Koha item type Books
Holdings
Withdrawn status Lost status Source of classification or shelving scheme Damaged status Not for loan Home library Current Library Shelving location Date acquired Total checkouts Full call number Barcode Date last seen Copy number Price effective from Koha item type
    Dewey Decimal Classification     GRACE BIBLE COLLEGE GRACE BIBLE COLLEGE Theology 2017-10-12   232.9 REA 001845 2025-05-01 c.1 2017-10-12 Books
    Dewey Decimal Classification     GRACE BIBLE COLLEGE GRACE BIBLE COLLEGE Theology 2017-10-12   232.9 REA 001847 2025-05-01 c.2 2017-10-12 Books
    Dewey Decimal Classification     GRACE BIBLE COLLEGE GRACE BIBLE COLLEGE Theology 2017-10-12   232.9 REA 001850 2025-05-01 c.3 2017-10-12 Books
© Grace Bible College Library 2025